000 01341nam a2200301 a 4500
001 BRCA_5318
005 20190320205029.0
008 031210s1733----mx-######v---#000-0#spa-#
041 _aspa
044 _amx
084 _aDOC148D
_b.R36
_c1733
100 1 _aRamos, Isidro
_913638
245 1 0 _aDocumento que habla sobre una venta otorgada por Don Isidro Ramos
_cIsidro Ramos ; Antonio Ramos.
260 _aMéxico
_c1733
300 _a[19] fojas
_c31 x 22 cm.
500 _aDocumento firmado el 22 de Julio de 1733.
500 _aTexto tomado de la primera foja: ´Testimonio simple de la Venta que otorgó Isidro Ramos a nombre de su padre Antonio Ramos de su Hacienda que se compone de 30 sitios de ganado mayor y 30 de menor al marques del castillo de Anza´.
500 _aPapel con marca de agua.
500 _aEstado de conservación: contiene manchas de acidez causada por la tinta y márgenes deteriorados.
506 0 _aFondo Reservado. Para su consulta es necesario credencial de usuario y carta de motivos.
546 _aTexto en: español de principios del siglo XVIII.
600 1 4 _aRamos, Isidro
_xHistoria
_913639
650 1 4 _aDocumentos legales
_vManuscritos
_xHistoria
_912814
651 4 _aMéxico
_xHistoria
_yColonia, 1521-1821
_912461
700 1 _aRamos, Antonio
_913640
902 _aFDH
942 _2lcc
_cD
999 _c5012
_d5012